EVA and valua-based management A practical guide to implementation

Salvato in:
Dettagli Bibliografici
Autore principale: S. DAVID YOUNG
Natura: Libro
Lingua:Undetermined
Pubblicazione: New York McGraw-Hill 2000
Soggetti:
Tags: Aggiungi Tag
Nessun Tag, puoi essere il primo ad aggiungerne! !
Thư viện lưu trữ: Trung tâm Học liệu Trường Đại học Cần Thơ
LEADER 00637nam a2200193Ia 4500
001 CTU_49533
008 210402s9999 xx 000 0 und d
082 |a 658.15 
082 |b Y76 
100 |a S. DAVID YOUNG 
245 0 |a EVA and valua-based management 
245 2 |b A practical guide to implementation 
245 0 |c S DAVID YOUNG, Stephen F. O'Bryrne 
260 |a New York 
260 |b McGraw-Hill 
260 |c 2000 
650 |a economic value added,corporations,capital investments,managerial economics,industrial management 
650 |x valuation,decision making 
980 |a Trung tâm Học liệu Trường Đại học Cần Thơ